ბათუმის შოთა რუსთაველის სახელმწიფო უნივერსიტეტის ბიბლიოთეკა

Теория ветвления решений нелинейных уравнений (ბიბ.ჩანაწერი № 39141)

000 -LEADER
fixed length control field 00575nam a2200193Ia 4500
001 - CONTROL NUMBER
control field 5724
003 - CONTROL NUMBER IDENTIFIER
control field GE_BSU
008 - FIXED-LENGTH DATA ELEMENTS--GENERAL INFORMATION
fixed length control field 181216s||||||||xx |||||||||||||| ||und||
040 ## - CATALOGING SOURCE
Transcribing agency GE_BSU
080 ## - UNIVERSAL DECIMAL CLASSIFICATION NUMBER
Universal Decimal Classification number 517.057
100 ## - MAIN ENTRY--PERSONAL NAME
Personal name Вайнберг, M. М., Треногий, В. А.,
245 ## - TITLE STATEMENT
Title Теория ветвления решений нелинейных уравнений
260 ## - PUBLICATION, DISTRIBUTION, ETC.
Place of publication, distribution, etc. Москва
260 ## - PUBLICATION, DISTRIBUTION, ETC.
Name of publisher, distributor, etc. Наука
260 ## - PUBLICATION, DISTRIBUTION, ETC.
Date of publication, distribution, etc. 1969
300 ## - PHYSICAL DESCRIPTION
Extent 527с. 20 см.
653 ## - INDEX TERM--UNCONTROLLED
Uncontrolled term Теория ветвления решений нелинейных
942 ## - ADDED ENTRY ELEMENTS (KOHA)
Koha item type წიგნი
ეგზემპლარები
Withdrawn status Lost status Damaged status Not for loan Date acquired Barcode Date last seen Price effective from Koha item type
        2018-12-17 16572 2018-12-17 2018-12-17 წიგნი
        2018-12-17 16573 2018-12-17 2018-12-17 წიგნი
        2018-12-17 16574 2018-12-17 2018-12-17 წიგნი